<?xml version="1.0" encoding="UTF-8"?>
<record
    xmlns:xsi="http://www.w3.org/2001/XMLSchema-instance"
    xsi:schemaLocation="http://www.loc.gov/MARC21/slim http://www.loc.gov/standards/marcxml/schema/MARC21slim.xsd"
    xmlns="http://www.loc.gov/MARC21/slim">

  <leader>01587    a2200193   4500</leader>
  <controlfield tag="001">54276</controlfield>
  <controlfield tag="005">20260407155814.0</controlfield>
  <controlfield tag="008">260407a1964    arg                 spa d</controlfield>
  <controlfield tag="003">AR-UNSa-BCEJYS</controlfield>
  <datafield tag="040" ind1=" " ind2=" ">
    <subfield code="a">AR-UNSa-BCEJYS</subfield>
    <subfield code="b">spa</subfield>
    <subfield code="c">AR-UNSa-BCEJYS</subfield>
  </datafield>
  <datafield tag="080" ind1=" " ind2=" ">
    <subfield code="a">336.741.2</subfield>
    <subfield code="x">Naturaleza de la moneda. Teor&#xED;a general del dinero</subfield>
  </datafield>
  <datafield tag="245" ind1="1" ind2="0">
    <subfield code="a">Teor&#xED;a y pol&#xED;tica del dinero</subfield>
  </datafield>
  <datafield tag="264" ind1=" " ind2="1">
    <subfield code="a">Madrid :</subfield>
    <subfield code="b">Aguilar</subfield>
    <subfield code="c">1964</subfield>
  </datafield>
  <datafield tag="300" ind1=" " ind2=" ">
    <subfield code="a">402 p,.</subfield>
    <subfield code="c">22 cm.</subfield>
  </datafield>
  <datafield tag="505" ind1=" " ind2=" ">
    <subfield code="a">Primera Parte: TEORIA DEL DINERO: 1. Concepto del dinero- 2. La creaci&#xF3;n del dinero &#x2013; 3. Los motivos para la creaci&#xF3;n del dinero &#x2013; 4. La importancia de los medios de pago &#x2013; 5. El problema de la liquidez &#x2013; 6. La determinaci&#xF3;n del tipo de inter&#xE9;s &#x2013; 7. &#xBF;Puede crearse el dinero sin la mediaci&#xF3;n de los bancos? &#x2013; 8. El concepto de liquidez y el banco central &#x2013; 9. La organizaci&#xF3;n del banco central &#x2013; 10. Dinero y precios &#x2013; 11. La relaci&#xF3;n de cambio frente a otras unidades de c&#xE1;lculo &#x2013; 12. Un an&#xE1;lisis m&#xE1;s profundo de la formaci&#xF3;n del cambio en el extranjero &#x2013; 13. Los tipos de cambio fijos y libres &#x2013; 14. Inflaci&#xF3;n y deflaci&#xF3;n &#x2013; 15. El valor de dinero - - Segunda Parte: POLITICA DEL DINERO: 1. Introducci&#xF3;n &#x2013; 2. La meta de la pol&#xED;tica monetaria &#x2013; 3. Los medios para el mantenimiento del patr&#xF3;n oro &#x2013; 4. La estabilizaci&#xF3;n del nivel de precios &#x2013; 5. La regulaci&#xF3;n del nivel de precios en forma inversamente proporcional a la productividad &#x2013; 6. La estabilizaci&#xF3;n de la actividad econ&#xF3;mica.</subfield>
  </datafield>
  <datafield tag="942" ind1=" " ind2=" ">
    <subfield code="c">BK</subfield>
  </datafield>
  <datafield tag="590" ind1=" " ind2=" ">
    <subfield code="a">niveau_biblio:m niveau_hierar:0</subfield>
  </datafield>
  <datafield tag="100" ind1="1" ind2=" ">
    <subfield code="a">Pedersen, Jorgen</subfield>
  </datafield>
  <datafield tag="999" ind1=" " ind2=" ">
    <subfield code="c">5445</subfield>
    <subfield code="d">5445</subfield>
  </datafield>
  <datafield tag="952" ind1=" " ind2=" ">
    <subfield code="0">0</subfield>
    <subfield code="1">0</subfield>
    <subfield code="4">0</subfield>
    <subfield code="7">0</subfield>
    <subfield code="a">BCEJYS</subfield>
    <subfield code="b">BCEJYS</subfield>
    <subfield code="c">16</subfield>
    <subfield code="d">2026-04-07</subfield>
    <subfield code="l">0</subfield>
    <subfield code="o">336.741.2 P371 4ed.</subfield>
    <subfield code="p">L20302</subfield>
    <subfield code="r">2026-04-07 15:58:14</subfield>
    <subfield code="w">2026-04-07</subfield>
    <subfield code="y">L</subfield>
  </datafield>
  <datafield tag="952" ind1=" " ind2=" ">
    <subfield code="0">0</subfield>
    <subfield code="1">0</subfield>
    <subfield code="4">0</subfield>
    <subfield code="7">0</subfield>
    <subfield code="a">BCEJYS</subfield>
    <subfield code="b">BCEJYS</subfield>
    <subfield code="c">16</subfield>
    <subfield code="d">2026-04-07</subfield>
    <subfield code="l">0</subfield>
    <subfield code="o">336.741.2 P371 4ed.</subfield>
    <subfield code="p">L22808</subfield>
    <subfield code="r">2026-04-07 15:58:14</subfield>
    <subfield code="w">2026-04-07</subfield>
    <subfield code="y">L</subfield>
  </datafield>
</record>
